[Event "CYCC U12"]
[Site "Quebec CAN"]
[Date "2018.07.03"]
[Round "3.67"]
[White "Bui, Alan"]
[Black "Srinivasan, Hemant"]
[Result "0-1"]
[WhiteElo "1676"]
[BlackElo "1468"]
[PlyCount "114"]
[EventDate "2018.07.02"]
[EventType "swiss"]
[EventRounds "7"]
[EventCountry "CAN"]

1. d4 Nf6 2. Nf3 g6 3. c4 Bg7 4. Nc3 d6 5. e4 O-O 6. Be2 e5 7. d5 Ne8 8. O-O f5
9. Nd2 f4 10. b4 g5 11. Bg4 Nf6 12. h3 Qe8 13. Nb3 h5 14. Bxc8 Qxc8 15. c5 Rf7
16. Ba3 Bf8 17. Rc1 Qd7 18. Qd3 a6 19. Nd2 g4 20. h4 Ne8 21. g3 f3 22. Kh2 Qd8
23. Rh1 Nd7 24. Nd1 b6 25. c6 Ndf6 26. Bb2 b5 27. Bc3 Bh6 28. Ne3 Ng7 29. Rce1
Nh7 30. Kg1 Nf8 31. Ndf1 Ng6 32. a3 Qf6 33. Bd2 Raf8 34. Nxg4 hxg4 35. Bxh6 Nf4
36. gxf4 Qxh6 37. fxe5 dxe5 38. Qe3 Qf4 39. Ng3 Ra8 40. Qc3 Rf6 41. Re3 Kf7 42.
Qd2 Rh8 43. Qa2 Ke7 44. Qc2 Kd8 45. Qc5 Nh5 46. Nf5 Rxf5 47. exf5 g3 48. Rh3
Rg8 49. d6 gxf2+ 50. Kxf2 Rg2+ 51. Kf1 Rg1+ 52. Kxg1 Qg4+ 53. Kf1 Qg2+ 54. Ke1
f2+ 55. Kd2 f1=Q+ 56. Kc3 Qc1+ 57. Kd3 Nf4# 0-1

[Event "CYCC U12"]
[Site "Quebec CAN"]
[Date "2018.07.03"]
[Round "3.68"]
[White "Adam, Rafael"]
[Black "Yim, Justin"]
[Result "1-0"]
[WhiteElo "1270"]
[BlackElo "857"]
[PlyCount "105"]
[EventDate "2018.07.02"]
[EventType "swiss"]
[EventRounds "7"]
[EventCountry "CAN"]

1. d4 d5 2. c4 dxc4 3. e3 Nc6 4. Bxc4 Bf5 5. Nc3 e6 6. Nf3 Nf6 7. O-O Bd6 8.
Re1 O-O 9. e4 Bg4 10. e5 Bxf3 11. gxf3 Be7 12. exf6 Bxf6 13. d5 exd5 14. Qxd5
Qxd5 15. Nxd5 Nd4 16. Nxf6+ gxf6 17. Re7 Nxf3+ 18. Kg2 Ne5 19. Rxc7 Rac8 20.
Rxc8 Rxc8 21. Be2 Rc2 22. Bf3 Nd3 23. Be4 Rxc1 24. Rxc1 Nxc1 25. a3 b6 26. Kf3
Kg7 27. Bc2 f5 28. Ke3 Kg6 29. Kd2 Kg5 30. Kxc1 h5 31. Kd2 f4 32. Ke2 Kg4 33.
Bb3 f3+ 34. Kf1 f5 35. Bf7 h4 36. a4 Kh3 37. Kg1 a5 38. Bh5 f4 39. Bxf3 b5 40.
axb5 a4 41. Bc6 Kg4 42. h3+ Kf5 43. b6 Ke6 44. b7 Kd6 45. b8=Q+ Kxc6 46. f3 Kd5
47. Qc7 a3 48. bxa3 Kd4 49. a4 Ke3 50. a5 Kxf3 51. a6 Kg3 52. Qc8 f3 53. Qg4#
1-0

[Event "CYCC U12"]
[Site "Quebec CAN"]
[Date "2018.07.03"]
[Round "3.69"]
[White "Ivanescu, Mark"]
[Black "Kang, Dorian"]
[Result "1/2-1/2"]
[WhiteElo "1962"]
[BlackElo "2098"]
[PlyCount "91"]
[EventDate "2018.07.02"]
[EventType "swiss"]
[EventRounds "7"]
[EventCountry "CAN"]

1. d4 Nf6 2. Nf3 g6 3. Bf4 Bg7 4. e3 O-O 5. Be2 d6 6. h3 Nbd7 7. c4 c5 8. O-O
cxd4 9. exd4 b6 10. Nc3 Bb7 11. Qd2 Rc8 12. b3 Re8 13. Rfd1 a6 14. Rac1 Qc7 15.
Na4 e5 16. dxe5 dxe5 17. Be3 Red8 18. Qb4 a5 19. Qd6 Qxd6 20. Rxd6 Ne4 21. Rxd7
Rxd7 22. Nxb6 Rdc7 23. Nxc8 Rxc8 24. Nd2 Nc5 25. a3 f5 26. b4 axb4 27. axb4 Ne6
28. Nb3 f4 29. Bb6 e4 30. c5 Kf7 31. Na5 Bd5 32. c6 Bd4 33. Ba6 Rxc6 34. Nxc6
Bxb6 35. Ne5+ Ke7 36. Rd1 Nd4 37. Bc4 Bb7 38. Bg8 e3 39. Bc4 exf2+ 40. Kh2 f3
41. g3 Ne2 42. Rf1 Bc7 43. Nxf3 Bxf3 44. Bxe2 Bxe2 45. Rxf2 Bd3 46. Rd2 1/2-1/2

[Event "CYCC U12"]
[Site "Quebec CAN"]
[Date "2018.07.03"]
[Round "3.70"]
[White "Gao, Raymond"]
[Black "Roy, Benjamin"]
[Result "1-0"]
[WhiteElo "1762"]
[BlackElo "1302"]
[PlyCount "99"]
[EventDate "2018.07.02"]
[EventType "swiss"]
[EventRounds "7"]
[EventCountry "CAN"]

1. e4 e5 2. Nf3 Nc6 3. Bc4 Nf6 4. d3 Bc5 5. c3 O-O 6. Bb3 d6 7. O-O Bg4 8. Nbd2
d5 9. exd5 Nxd5 10. Ne4 Bb6 11. Bg5 f6 12. Bh4 Kh8 13. Bg3 f5 14. Ned2 Nf6 15.
h3 Bh5 16. Bc2 Re8 17. Re1 Qd5 18. Qb1 Bxf3 19. Nxf3 e4 20. Ng5 h6 21. dxe4 Qg8
22. Nf3 fxe4 23. Bxe4 Qc4 24. Bg6 Rxe1+ 25. Qxe1 Qb5 26. b3 Qc5 27. c4 Ba5 28.
Qe6 Nd8 29. Qe2 Nc6 30. Rd1 Qe7 31. Qb2 Nd8 32. Nh4 Nc6 33. Nf5 Qe6 34. a3 Bb6
35. Qc3 Rg8 36. Nh4 a6 37. Bf5 Qe8 38. Ng6+ Kh7 39. Nf8+ Kh8 40. Ng6+ Kh7 41.
Ne7+ Kh8 42. Nxg8 Qxg8 43. c5 Ba7 44. Bxc7 Nd5 45. Qc4 Nxc7 46. Qxg8+ Kxg8 47.
Rd7 Nb5 48. Rxb7 Nbd4 49. Be4 Bxc5 50. Bxc6 1-0

[Event "CYCC U12"]
[Site "Quebec CAN"]
[Date "2018.07.03"]
[Round "3.71"]
[White "Chen, Richard"]
[Black "Ran, Charles"]
[Result "1/2-1/2"]
[WhiteElo "1221"]
[BlackElo "1741"]
[PlyCount "135"]
[EventDate "2018.07.02"]
[EventType "swiss"]
[EventRounds "7"]
[EventCountry "CAN"]

1. e4 e5 2. Nf3 Nc6 3. Bb5 a6 4. Bxc6 dxc6 5. O-O Bg4 6. Nc3 Bc5 7. h3 Bxf3 8.
Qxf3 Qe7 9. d3 h6 10. Be3 Nf6 11. Bxc5 Qxc5 12. Qe3 Qxe3 13. fxe3 O-O-O 14. Rf5
Rde8 15. Re1 c5 16. b3 Rhf8 17. Ref1 b6 18. a4 Kb7 19. R1f3 Ka7 20. Kf2 Re7 21.
Ke2 c6 22. g4 Nd7 23. Rf1 Kb7 24. Kd2 g6 25. R5f3 f6 26. h4 Ree8 27. Ne2 g5 28.
hxg5 hxg5 29. Ng3 Re6 30. Rh1 Rf7 31. Rh5 Rf8 32. Rh7 Kc8 33. Nh5 Kd8 34. Ng3
Kc8 35. Nf5 Kd8 36. Rfh3 Rg8 37. Rf7 Nf8 38. Rh6 Ke8 39. Rhxf6 Rxf6 40. Rxf6
Rg6 41. Rxg6 Nxg6 42. Ke2 Kd7 43. d4 cxd4 44. exd4 exd4 45. Nxd4 Ne5 46. Nf3
Nxg4 47. Nxg5 b5 48. Kd3 Kd6 49. Kd4 c5+ 50. Kd3 Nf2+ 51. Ke2 Ng4 52. axb5 axb5
53. Nf3 Ke6 54. Kd3 Nf2+ 55. Ke3 Nd1+ 56. Ke2 Nc3+ 57. Kd3 Na2 58. e5 Nb4+ 59.
Ke4 Nxc2 60. Ng5+ Kd7 61. Kd5 c4 62. e6+ Ke7 63. bxc4 bxc4 64. Kxc4 Ne3+ 65.
Kd4 Nf5+ 66. Ke5 Ng7 67. Kd5 Nxe6 68. Nxe6 1/2-1/2

[Event "CYCC U12"]
[Site "Quebec CAN"]
[Date "2018.07.03"]
[Round "3.72"]
[White "Ripley, Noah"]
[Black "Zhu, Matthew"]
[Result "0-1"]
[WhiteElo "1184"]
[BlackElo "1668"]
[PlyCount "116"]
[EventDate "2018.07.02"]
[EventType "swiss"]
[EventRounds "7"]
[EventCountry "CAN"]

1. d4 d5 2. Bf4 Nf6 3. e3 Bf5 4. c4 e6 5. Nf3 Bd6 6. Ne5 Nbd7 7. Bd3 Bxd3 8.
Qxd3 O-O 9. O-O Qe7 10. h3 c5 11. Re1 dxc4 12. Qxc4 Nb6 13. Qd3 Nbd5 14. Bh2
Rac8 15. Nc3 a6 16. Nxd5 Nxd5 17. Nc4 Bxh2+ 18. Kxh2 Qc7+ 19. Ne5 f6 20. Rac1
fxe5 21. Rxc5 Qb8 22. Rxc8 Rxc8 23. Kg1 Qc7 24. e4 Nf4 25. Qe3 exd4 26. Qxd4 e5
27. Qd1 Rd8 28. Qb3+ Qf7 29. Qb6 Rd2 30. g3 Nxh3+ 31. Kg2 Rxf2+ 32. Kh1 Rf1+
33. Rxf1 Qxf1+ 34. Kh2 Qf2+ 35. Qxf2 Nxf2 36. Kg2 Nxe4 37. Kf3 Nd2+ 38. Ke2 Nc4
39. b3 Nb6 40. Kd3 Kf7 41. a4 Ke6 42. a5 Nd7 43. g4 h6 44. Kc4 g6 45. b4 h5 46.
b5 hxg4 47. bxa6 bxa6 48. Kd3 Kd5 49. Ke2 e4 50. Kf2 g5 51. Kg2 e3 52. Kf1 Kd4
53. Ke2 Ne5 54. Ke1 Kd3 55. Kd1 e2+ 56. Ke1 Nf3+ 57. Kf2 e1=Q+ 58. Kg2 Qg1# 0-1

[Event "CYCC U12"]
[Site "Quebec CAN"]
[Date "2018.07.03"]
[Round "3.73"]
[White "Jiang, David"]
[Black "Liu, Harry"]
[Result "1-0"]
[WhiteElo "1029"]
[BlackElo "1651"]
[PlyCount "105"]
[EventDate "2018.07.02"]
[EventType "swiss"]
[EventRounds "7"]
[EventCountry "CAN"]

1. d4 Nf6 2. c4 e6 3. Nc3 Bb4 4. Nf3 b6 5. e3 Bb7 6. Be2 Ne4 7. Qc2 f5 8. O-O
Bxc3 9. bxc3 O-O 10. Ba3 Rf6 11. Rfd1 d6 12. d5 e5 13. Nh4 g6 14. f3 Nc5 15.
Bxc5 bxc5 16. f4 Nd7 17. Nf3 Qe8 18. Ng5 Nf8 19. fxe5 Qxe5 20. e4 h6 21. Nf3
Qxe4 22. Qxe4 fxe4 23. Nd2 Re8 24. Nf1 Nd7 25. Ng3 Nb6 26. Rf1 Rxf1+ 27. Rxf1
Ba6 28. Rf4 Bxc4 29. Bxc4 Nxc4 30. Nxe4 Kg7 31. Nxc5 dxc5 32. Rxc4 Rb8 33. Rxc5
Rb7 34. c4 Kf6 35. Rc6+ Ke5 36. Rxg6 Kd4 37. Rc6 Rb1+ 38. Kf2 Rb2+ 39. Kf3 Rxa2
40. Rxc7 a5 41. d6 Ke5 42. d7 Rd2 43. c5 a4 44. c6 a3 45. Ra7 Ke6 46. Ke3 Rd6
47. Rxa3 Ke7 48. Rd3 Rxc6 49. d8=Q+ Ke6 50. Qd7+ Kf6 51. Qxc6+ Kf7 52. Rd7+ Ke8
53. Qc8# 1-0

[Event "CYCC U12"]
[Site "Quebec CAN"]
[Date "2018.07.03"]
[Round "3.74"]
[White "Zhang, Charlie"]
[Black "Srinivas, Atharva"]
[Result "0-1"]
[WhiteElo "999"]
[BlackElo "1567"]
[PlyCount "106"]
[EventDate "2018.07.02"]
[EventType "swiss"]
[EventRounds "7"]
[EventCountry "CAN"]

1. e4 e5 2. Nf3 Nc6 3. Bc4 Bc5 4. Nc3 Nf6 5. d3 h6 6. h3 O-O 7. O-O d6 8. a3 a6
9. Re1 Be6 10. Nd5 Bxd5 11. exd5 Ne7 12. Nh4 Nexd5 13. Qf3 b5 14. Bxd5 Nxd5 15.
Nf5 Qf6 16. Qg4 Nf4 17. g3 h5 18. Qxg7+ Qxg7 19. Nxg7 Nxh3+ 20. Kg2 Kxg7 21.
Kxh3 Bxf2 22. Rh1 Rh8 23. Rf1 Bd4 24. c3 Bb6 25. Bg5 Kg6 26. Bd2 f5 27. Rf3
Raf8 28. Raf1 c6 29. b4 Bd8 30. Be3 h4 31. g4 fxg4+ 32. Kxg4 Rxf3 33. Rxf3 h3
34. Rxh3 Rxh3 35. Kxh3 Kf5 36. Kg3 Bg5 37. Bxg5 Kxg5 38. Kf3 d5 39. Ke3 Kf5 40.
d4 e4 41. Ke2 Kf4 42. Kd2 Kf3 43. Kc2 e3 44. Kd1 Kf2 45. Kc2 e2 46. Kb2 e1=Q
47. Ka2 Qd2+ 48. Kb3 Qc1 49. Ka2 Qxc3 50. Kb1 Ke2 51. Ka2 Kd2 52. Kb1 Qb3+ 53.
Ka1 Kc2 0-1

[Event "CYCC U12"]
[Site "Quebec CAN"]
[Date "2018.07.03"]
[Round "3.75"]
[White "Imoo, Joshua"]
[Black "Gaisinsky, Jacob"]
[Result "1-0"]
[WhiteElo "1562"]
[BlackElo "1058"]
[PlyCount "47"]
[EventDate "2018.07.02"]
[EventType "swiss"]
[EventRounds "7"]
[EventCountry "CAN"]

1. e4 e5 2. Nf3 Nc6 3. Bc4 Nf6 4. d3 d6 5. c3 Bg4 6. O-O d5 7. exd5 Nxd5 8. Qb3
Na5 9. Qa4+ c6 10. Nxe5 Be6 11. Bxd5 Qxd5 12. d4 Bd6 13. Re1 O-O 14. Nd2 Bc7
15. b4 b5 16. Qc2 Nb7 17. Qe4 Bxe5 18. Qxe5 Qd7 19. Ne4 Rfe8 20. Qg3 Bd5 21.
Bh6 Kf8 22. Bxg7+ Ke7 23. Qg5+ Ke6 24. Qe5# 1-0

[Event "CYCC U12"]
[Site "Quebec CAN"]
[Date "2018.07.03"]
[Round "3.76"]
[White "Zhang, Henry X"]
[Black "Parent, Etienne"]
[Result "1-0"]
[WhiteElo "1551"]
[BlackElo "1024"]
[PlyCount "49"]
[EventDate "2018.07.02"]
[EventType "swiss"]
[EventRounds "7"]
[EventCountry "CAN"]

1. e4 e5 2. Nf3 Nc6 3. Bb5 Nf6 4. O-O Nxe4 5. d4 f6 6. dxe5 Nxe5 7. Nxe5 fxe5
8. Qh5+ g6 9. Qxe5+ Qe7 10. Qxh8 c6 11. Bd3 Nc5 12. Qd4 b6 13. Nc3 Nxd3 14.
Qxd3 Bb7 15. Bf4 O-O-O 16. Rfe1 Qf6 17. Bg3 c5 18. Ne4 Qc6 19. f3 Bg7 20. Nd6+
Kb8 21. Nf7+ Kc8 22. Nxd8 Kxd8 23. c3 c4 24. Qe3 Bf8 25. Qe8# 1-0

[Event "CYCC U12"]
[Site "Quebec CAN"]
[Date "2018.07.03"]
[Round "3.77"]
[White "Wang, Yinan"]
[Black "Liu, Henry"]
[Result "0-1"]
[WhiteElo "977"]
[BlackElo "1545"]
[PlyCount "68"]
[EventDate "2018.07.02"]
[EventType "swiss"]
[EventRounds "7"]
[EventCountry "CAN"]

1. Nf3 Nf6 2. Nc3 d5 3. d4 e6 4. Bg5 Be7 5. e3 O-O 6. Bd3 h6 7. Bh4 b6 8. O-O
c5 9. Ne5 Ba6 10. Bxa6 Nxa6 11. Nc6 Qc7 12. Nxe7+ Qxe7 13. e4 g5 14. Qe2 cxd4
15. e5 dxc3 16. Bxg5 hxg5 17. exf6 Qxf6 18. Qxa6 cxb2 19. Rab1 Rfc8 20. Qd3 Rc3
21. Qd2 Rc4 22. Rfe1 Rac8 23. Re2 Ra4 24. c4 Rxa2 25. cxd5 Rc1+ 26. Re1 Rxe1+
27. Qxe1 Ra1 28. d6 Rxb1 29. Qxb1 Qc3 30. Kf1 Qc1+ 31. Ke2 Qxb1 32. d7 Qc2+ 33.
Ke3 Qc7 34. d8=Q+ Qxd8 0-1

[Event "CYCC U12"]
[Site "Quebec CAN"]
[Date "2018.07.03"]
[Round "3.78"]
[White "Jeyakumar, Bhavatharshan"]
[Black "Desjardins, Alexandre"]
[Result "1-0"]
[WhiteElo "1509"]
[BlackElo "979"]
[PlyCount "55"]
[EventDate "2018.07.02"]
[EventType "swiss"]
[EventRounds "7"]
[EventCountry "CAN"]

1. e4 e5 2. Nf3 Nc6 3. Bb5 Nf6 4. d3 Bc5 5. O-O a6 6. Bxc6 dxc6 7. Nxe5 Qe7 8.
Nf3 Bg4 9. Nbd2 b5 10. d4 Bxd4 11. h3 Bxf3 12. Nxf3 Bc5 13. Bg5 Qxe4 14. Re1
Qxe1+ 15. Qxe1+ Be7 16. Bxf6 gxf6 17. Qe4 Kf8 18. Qxc6 Rc8 19. Qxa6 Kg7 20.
Qxb5 Bd6 21. Nd4 Rb8 22. Qh5 Rhe8 23. Nf5+ Kg8 24. Qh6 Bf8 25. Qxf6 Re6 26. Qc3
Rbe8 27. a4 Bd6 28. Qg7# 1-0

[Event "CYCC U12"]
[Site "Quebec CAN"]
[Date "2018.07.03"]
[Round "3.79"]
[White "Odrcich, Evan"]
[Black "Xie, Austin"]
[Result "0-1"]
[WhiteElo "848"]
[BlackElo "1494"]
[PlyCount "106"]
[EventDate "2018.07.02"]
[EventType "swiss"]
[EventRounds "7"]
[EventCountry "CAN"]

1. e4 e5 2. Nf3 Nc6 3. Nc3 Nf6 4. Be2 Bc5 5. Nxe5 Nxe5 6. d4 Bxd4 7. Qxd4 d6 8.
O-O Bd7 9. f4 Nc6 10. Qe3 Qe7 11. Nd5 Nxd5 12. exd5 Qxe3+ 13. Bxe3 Nb4 14. Rad1
Nxc2 15. Bf2 Nb4 16. a3 Na6 17. b4 O-O 18. Rfe1 Nb8 19. Bd4 f5 20. Rd3 g6 21.
Bh5 Re8 22. Rxe8+ Bxe8 23. Rg3 Bf7 24. Kf2 Bxd5 25. Bf3 Bxf3 26. Rxf3 Nc6 27.
Bf6 Re8 28. b5 Ne7 29. Re3 Kf7 30. Bg5 Nd5 31. Rh3 h5 32. Kf3 Re3+ 33. Kf2 Rxh3
34. gxh3 Nc3 35. Bd8 Nxb5 36. a4 Nc3 37. Bxc7 Nxa4 38. Bxd6 b5 39. Kg3 Nc3 40.
Kh4 a5 41. Kg3 Ne4+ 42. Kf3 Nxd6 43. Ke3 b4 44. Kd2 a4 45. Kc1 b3 46. Kb2 Nc4+
47. Ka1 a3 48. Kb1 b2 49. Kc2 a2 50. Kb3 b1=Q+ 51. Kxc4 a1=R 52. Kd4 Qb4+ 53.
Ke5 Ra5# 0-1

[Event "CYCC U12"]
[Site "Quebec CAN"]
[Date "2018.07.03"]
[Round "3.80"]
[White "Lin, Felix"]
[Black "Wang, Robert"]
[Result "1-0"]
[WhiteElo "1470"]
[BlackElo "955"]
[PlyCount "97"]
[EventDate "2018.07.02"]
[EventType "swiss"]
[EventRounds "7"]
[EventCountry "CAN"]

1. Nf3 d5 2. c4 c6 3. d4 Nf6 4. Nc3 Bf5 5. cxd5 cxd5 6. Qb3 e6 7. Qxb7 Nbd7 8.
e3 Be7 9. Be2 O-O 10. O-O Re8 11. Qb3 Nb6 12. Qd1 Bd6 13. b3 e5 14. dxe5 Bxe5
15. Nxe5 Rxe5 16. Bb2 Re8 17. Nb5 Rf8 18. Nd4 Bc8 19. Rc1 Bb7 20. Ba3 Re8 21.
Nb5 Rc8 22. Nxa7 Ra8 23. Nb5 Ba6 24. Bb4 Bxb5 25. Bxb5 Re4 26. a3 Ng4 27. Bd3
Nxh2 28. Kxh2 Rh4+ 29. Kg1 Qg5 30. Qf3 Qh6 31. g3 Rh2 32. Rfd1 Nd7 33. Qxd5 Re8
34. Kf1 Qh3+ 35. Ke1 Rxe3+ 36. Kd2 Rxf2+ 37. Kxe3 Qxg3+ 38. Kd4 Qf4+ 39. Be4
Qf6+ 40. Kd3 Ne5+ 41. Qxe5 Qa6+ 42. Kd4 g6 43. Rc6 Qa7+ 44. Bc5 Qd7+ 45. Rd6
Qc8 46. Rc6 Qd8+ 47. Kc4 Qxd1 48. Rc8+ Qd8 49. Rxd8# 1-0

[Event "CYCC U12"]
[Site "Quebec CAN"]
[Date "2018.07.03"]
[Round "3.81"]
[White "Gao, William"]
[Black "Jasniewicz, Karol"]
[Result "1-0"]
[WhiteElo "1465"]
[BlackElo "915"]
[PlyCount "39"]
[EventDate "2018.07.02"]
[EventType "swiss"]
[EventRounds "7"]
[EventCountry "CAN"]

1. e4 e5 2. Nf3 Nc6 3. Bc4 Bc5 4. O-O Nf6 5. d4 Bxd4 6. Nxd4 Nxd4 7. Bg5 O-O 8.
f4 exf4 9. Qxd4 h6 10. Bxf4 d6 11. Bxh6 Re8 12. Bg5 Re5 13. Bxf6 gxf6 14. Nc3
c5 15. Qe3 Qe7 16. Nd5 Qd8 17. Nxf6+ Kg7 18. Qg3+ Kf8 19. Qg8+ Ke7 20. Qxf7#
1-0

[Event "CYCC U12"]
[Site "Quebec CAN"]
[Date "2018.07.03"]
[Round "3.83"]
[White "Moisan, Pier-Philippe"]
[Black "Liu, George"]
[Result "1-0"]
[WhiteElo "1332"]
[BlackElo "877"]
[PlyCount "39"]
[EventDate "2018.07.02"]
[EventType "swiss"]
[EventRounds "7"]
[EventCountry "CAN"]

1. e4 e5 2. Nf3 Nf6 3. Nc3 Nc6 4. Bc4 Bc5 5. d3 d6 6. h3 h6 7. O-O O-O 8. Be3
Bb6 9. Re1 Be6 10. Bb3 Na5 11. Qd2 Qd7 12. Ba4 Nc6 13. d4 exd4 14. Bxd4 Qe7 15.
Nd5 Qd8 16. Nxf6+ gxf6 17. Bxc6 bxc6 18. Qxh6 Bxd4 19. Nxd4 Qd7 20. Re3 1-0

[Event "CYCC U12"]
[Site "Quebec CAN"]
[Date "2018.07.03"]
[Round "3.88"]
[White "Yim, Warren"]
[Black "Wang, Daniel"]
[Result "0-1"]
[WhiteElo "672"]
[BlackElo "1271"]
[PlyCount "110"]
[EventDate "2018.07.02"]
[EventType "swiss"]
[EventRounds "7"]
[EventCountry "CAN"]

1. e4 e5 2. Bc4 Nf6 3. Nc3 Nc6 4. Nf3 Bc5 5. O-O d6 6. d3 h6 7. Bd2 O-O 8. Re1
Bg4 9. h3 Bh5 10. a3 Nd4 11. g4 Nxg4 12. Nxd4 exd4 13. hxg4 dxc3 14. Bxc3 Qg5
15. Bd2 Qxg4+ 16. Qxg4 Bxg4 17. Bd5 c6 18. Bc4 Be6 19. Bxe6 fxe6 20. Be3 Bxe3
21. Rxe3 Rf6 22. e5 dxe5 23. Rxe5 Raf8 24. Re2 Kf7 25. b4 Ke7 26. Rd1 Kd6 27.
c4 b6 28. b5 cxb5 29. cxb5 Rc8 30. a4 Rf4 31. Kf1 Rxa4 32. Rb1 Ra3 33. Reb2
Rxd3 34. Re2 Rd5 35. Reb2 Rcc5 36. Ke1 Rf5 37. Rd1+ Rfd5 38. Rdb1 Ke7 39. Kf1
Rf5 40. Ke1 Kf6 41. Kf1 g6 42. Ke2 Rce5+ 43. Kf1 Rh5 44. Ra1 Rh1+ 45. Kg2 Rxa1
46. f3 Ra5 47. Rc2 Raxb5 48. f4 Rec5 49. Rd2 g5 50. fxg5+ hxg5 51. Kg3 Rc4 52.
Rf2+ Rf5 53. Re2 Rc3+ 54. Kg4 Rf4+ 55. Kh5 Rh3# 0-1

[Event "CYCC U12"]
[Site "Quebec CAN"]
[Date "2018.07.03"]
[Round "3.89"]
[White "Everitt, Joseph"]
[Black "Eirew, David"]
[Result "0-1"]
[WhiteElo "871"]
[BlackElo "708"]
[PlyCount "38"]
[EventDate "2018.07.02"]
[EventType "swiss"]
[EventRounds "7"]
[EventCountry "CAN"]

1. e4 e6 2. d4 d5 3. Nc3 Nf6 4. e5 Ng8 5. f4 c5 6. Nf3 Nc6 7. Be3 a6 8. dxc5
Qa5 9. Bd3 Bxc5 10. Qe2 Bb4 11. Bd2 d4 12. Ne4 Nge7 13. a3 O-O 14. O-O-O Nd5
15. Kb1 Qa4 16. axb4 Ncxb4 17. c3 Qa2+ 18. Kc1 Qa1+ 19. Bb1 d3 0-1

[Event "CYCC U12"]
[Site "Quebec CAN"]
[Date "2018.07.03"]
[Round "3.90"]
[White "Moffatt, Trenton"]
[Black "Tso, Kevin"]
[Result "0-1"]
[WhiteElo "786"]
[BlackElo "634"]
[PlyCount "106"]
[EventDate "2018.07.02"]
[EventType "swiss"]
[EventRounds "7"]
[EventCountry "CAN"]

1. d4 Nf6 2. e3 d5 3. c3 Bf5 4. Na3 Nc6 5. f3 e5 6. dxe5 Nxe5 7. e4 dxe4 8.
fxe4 Bxe4 9. Qb3 Nd3+ 10. Ke2 Nxc1+ 11. Rxc1 Qd3+ 12. Ke1 Qe3+ 13. Ne2 Ng4 14.
Qa4+ c6 15. Qd4 Bc5 16. Nc4 Bxd4 17. Nxe3 Bxe3 18. Rd1 Nf2 19. Rd6 Nxh1 20. Ng3
Bf2+ 21. Ke2 Bxg3 22. hxg3 Nxg3+ 23. Kf2 Nxf1 24. Kxf1 Rd8 25. Rd4 Rxd4 26.
cxd4 Bxg2+ 27. Kxg2 h5 28. Kh3 g5 29. b4 g4+ 30. Kh4 f5 31. d5 cxd5 32. b5 a6
33. a4 axb5 34. Kg5 Rg8+ 35. Kxf5 g3 36. a5 g2 37. a6 bxa6 38. Ke5 Rg6 39. Kf5
a5 40. Kxg6 a4 41. Kf5 g1=Q 42. Ke5 Qg6 43. Kxd5 Qf6 44. Kc5 Qe6 45. Kxb5 Qd6
46. Kxa4 Qb8 47. Ka5 Kd7 48. Ka4 Kc6 49. Ka3 Qb5 50. Ka2 Kc5 51. Ka1 Kc4 52.
Ka2 Kc3 53. Ka3 Qa5# 0-1

[Event "CYCC U12"]
[Site "Quebec CAN"]
[Date "2018.07.03"]
[Round "4.60"]
[White "Chen, Max"]
[Black "Li, Kevin"]
[Result "1-0"]
[WhiteElo "2028"]
[BlackElo "1741"]
[PlyCount "57"]
[EventDate "2018.07.02"]
[EventType "swiss"]
[EventRounds "7"]
[EventCountry "CAN"]

1. e4 c5 2. Nf3 d6 3. Bb5+ Nc6 4. O-O Nf6 5. e5 Nd5 6. Re1 e6 7. Bxc6+ bxc6 8.
exd6 Bxd6 9. d3 Qc7 10. Nbd2 Ba6 11. Ne4 Be7 12. b3 h6 13. Bb2 Rg8 14. Qd2 g5
15. Ne5 f6 16. Ng4 e5 17. c4 Bc8 18. cxd5 Bxg4 19. d6 Bxd6 20. Nxf6+ Ke7 21.
Nxg4 Raf8 22. Bxe5 Kd8 23. Bxd6 Qxd6 24. Qa5+ Kc8 25. Rac1 Qf4 26. Rc4 Qf5 27.
Qxc5 Qxd3 28. Qxc6+ Kd8 29. Qc7# 1-0

[Event "CYCC U12"]
[Site "Quebec CAN"]
[Date "2018.07.03"]
[Round "4.61"]
[White "Zhang, Chu Hang"]
[Black "Zheng, Richard"]
[Result "0-1"]
[WhiteElo "1557"]
[BlackElo "2011"]
[PlyCount "88"]
[EventDate "2018.07.02"]
[EventType "swiss"]
[EventRounds "7"]
[EventCountry "CAN"]

1. e4 e6 2. g3 d5 3. Bg2 Nf6 4. exd5 exd5 5. d4 Bd6 6. Nf3 O-O 7. O-O c6 8. Ne5
Bxe5 9. dxe5 Ng4 10. Qd4 f6 11. exf6 Qxf6 12. Qxf6 Nxf6 13. b4 Bf5 14. c3 Nbd7
15. a4 Rfe8 16. b5 cxb5 17. axb5 Bd3 18. Rd1 Bxb5 19. Be3 Bc6 20. Na3 Ne4 21.
c4 Ndf6 22. Bd4 dxc4 23. Nxc4 Nd5 24. Rxa7 Rxa7 25. Bxa7 Nec3 26. Ra1 Ra8 27.
Bxd5+ Nxd5 28. Bd4 Rxa1+ 29. Bxa1 g6 30. Na5 Kf7 31. Nxc6 bxc6 32. Kf1 Ke6 33.
Ke2 Ne7 34. Kd3 Kd5 35. g4 Nc8 36. f4 Nd6 37. Be5 Ne4 38. Bd4 c5 39. Be3 c4+
40. Kc2 Nf6 41. h3 Ke4 42. Bc1 Nd5 43. h4 Nxf4 44. h5 gxh5 0-1

[Event "CYCC U12"]
[Site "Quebec CAN"]
[Date "2018.07.03"]
[Round "4.62"]
[White "Huang, Youhe"]
[Black "Srinivasan, Hemant"]
[Result "1/2-1/2"]
[WhiteElo "1949"]
[BlackElo "1468"]
[PlyCount "66"]
[EventDate "2018.07.02"]
[EventType "swiss"]
[EventRounds "7"]
[EventCountry "CAN"]

1. e4 c5 2. Nf3 g6 3. d4 cxd4 4. Nxd4 Bg7 5. Nc3 Nc6 6. Be3 d6 7. Bc4 Nf6 8. h3
h5 9. Qd2 Bd7 10. f4 Rc8 11. Bb3 e5 12. Ndb5 O-O 13. Nxd6 Rc7 14. Ncb5 Rc8 15.
Nxc8 Nxe4 16. Qd5 Qh4+ 17. Kd1 Nf6 18. Qd2 Bxc8 19. Bf2 Qxf4 20. Qxf4 exf4 21.
Re1 Bf5 22. Nc3 f3 23. gxf3 Bxh3 24. Ne4 Nxe4 25. Rxe4 Bxb2 26. Rb1 Rd8+ 27.
Ke2 Bc3 28. Rd1 Rxd1 29. Kxd1 Bg2 30. Ke2 Ne5 31. Rf4 Bxf3+ 32. Rxf3 Nxf3 33.
Kxf3 b6 1/2-1/2

[Event "CYCC U12"]
[Site "Quebec CAN"]
[Date "2018.07.03"]
[Round "4.63"]
[White "Windram, James"]
[Black "Issani, Nameer"]
[Result "0-1"]
[WhiteElo "1803"]
[BlackElo "2207"]
[PlyCount "116"]
[EventDate "2018.07.02"]
[EventType "swiss"]
[EventRounds "7"]
[EventCountry "CAN"]

1. e4 e5 2. Nf3 Nc6 3. Bc4 Bc5 4. c3 Nf6 5. d3 d6 6. h3 h6 7. Bb3 O-O 8. Nbd2
d5 9. Qe2 Be6 10. O-O Nh5 11. exd5 Nf4 12. Qe4 Bxd5 13. Bxd5 Qxd5 14. Qxd5 Nxd5
15. Ne4 Bb6 16. Re1 f5 17. Ng3 Rae8 18. Bd2 g5 19. c4 Ndb4 20. Bxb4 Nxb4 21.
Rad1 Nc6 22. Re2 Kg7 23. a3 Kf6 24. b4 Nd4 25. Nxd4 Bxd4 26. Red2 Rd8 27. Ne2
f4 28. Re1 Rfe8 29. Nxd4 Rxd4 30. Re4 Red8 31. Rxd4 Rxd4 32. f3 h5 33. Kf2 Kf5
34. Ke2 Rd8 35. Rd1 Rg8 36. Kf2 Rg6 37. b5 g4 38. Rg1 gxh3 39. gxh3 Rxg1 40.
Kxg1 Ke6 41. Kf2 Kd6 42. Ke2 Kc5 43. Kd2 Kd4 44. a4 a6 45. bxa6 bxa6 46. h4 a5
47. c5 Kxc5 48. Kc3 Kd5 49. Kc2 Kd4 50. Kd2 c5 51. Kc2 c4 52. dxc4 Kxc4 53. Kb2
e4 54. fxe4 f3 55. e5 f2 56. e6 f1=Q 57. e7 Qf6+ 58. Ka3 Qa1# 0-1

[Event "CYCC U12"]
[Site "Quebec CAN"]
[Date "2018.07.03"]
[Round "4.64"]
[White "Zhao, Jeffrey R"]
[Black "Noor Ali, Aahil"]
[Result "1-0"]
[WhiteElo "1833"]
[BlackElo "2062"]
[PlyCount "103"]
[EventDate "2018.07.02"]
[EventType "swiss"]
[EventRounds "7"]
[EventCountry "CAN"]

1. e4 e5 2. Nf3 Nc6 3. Bc4 Bc5 4. O-O d6 5. c3 Nf6 6. d3 Bb6 7. b4 Bg4 8. a4 a6
9. h3 Bh5 10. Re1 h6 11. a5 Ba7 12. b5 axb5 13. Bxb5 O-O 14. a6 Nb8 15. Nbd2
bxa6 16. Bc4 c6 17. Bb3 Nbd7 18. Nf1 Nc5 19. Ba2 Qc7 20. Ng3 Bg6 21. Nh4 Bh7
22. Qf3 Qd8 23. Ngf5 Bxf5 24. Nxf5 Nh7 25. Qg3 Qf6 26. Bxh6 g6 27. Ne7+ Kh8 28.
Bxf8 Nxf8 29. Nxc6 Bb6 30. Bd5 Rc8 31. Reb1 Nfd7 32. Rb4 Ne6 33. Rxa6 Nf4 34.
Qf3 Bc5 35. Rb7 Nxd3 36. Rxd7 Bxf2+ 37. Kf1 Qxf3 38. gxf3 Nc5 39. Rd8+ Rxd8 40.
Nxd8 Nxa6 41. Nxf7+ Kg7 42. Kxf2 Nc5 43. Nxd6 Nd3+ 44. Ke3 Nf4 45. h4 Ng2+ 46.
Kf2 Nxh4 47. Kg3 g5 48. Nf5+ Kg6 49. Nxh4+ Kh5 50. Nf5 g4 51. fxg4+ Kg5 52. c4
1-0